<?xml version="1.0" encoding="UTF-8"?>
<record
    xmlns:xsi="http://www.w3.org/2001/XMLSchema-instance"
    xsi:schemaLocation="http://www.loc.gov/MARC21/slim http://www.loc.gov/standards/marcxml/schema/MARC21slim.xsd"
    xmlns="http://www.loc.gov/MARC21/slim">

  <leader>02443    a2200205   4500</leader>
  <controlfield tag="001">53139</controlfield>
  <controlfield tag="005">20260407155805.0</controlfield>
  <controlfield tag="008">260407a1972    arg                 spa d</controlfield>
  <controlfield tag="003">AR-UNSa-BCEJYS</controlfield>
  <datafield tag="040" ind1=" " ind2=" ">
    <subfield code="a">AR-UNSa-BCEJYS</subfield>
    <subfield code="b">spa</subfield>
    <subfield code="c">AR-UNSa-BCEJYS</subfield>
  </datafield>
  <datafield tag="080" ind1=" " ind2=" ">
    <subfield code="a">331.5</subfield>
    <subfield code="x">Mercado de Trabajo. Empleo</subfield>
  </datafield>
  <datafield tag="245" ind1="1" ind2="0">
    <subfield code="a">El sector laboral</subfield>
    <subfield code="p">una introducci&#xF3;n a la econom&#xED;a laboral norteamericana</subfield>
  </datafield>
  <datafield tag="264" ind1=" " ind2="1">
    <subfield code="a">Buenos Aires :</subfield>
    <subfield code="b">Tipogr&#xE1;fica Editora Argentina</subfield>
    <subfield code="c">1972</subfield>
  </datafield>
  <datafield tag="300" ind1=" " ind2=" ">
    <subfield code="a">2 v. (816 ; 508 p.)</subfield>
    <subfield code="c">23 cm.</subfield>
  </datafield>
  <datafield tag="505" ind1=" " ind2=" ">
    <subfield code="a">Vol. I: I. El trabajo como fuente de ingresos &#x2013; 1. La familia como unidad econ&#xF3;mica &#x2013; 2. Elecci&#xF3;n ocupacional &#x2013; 3. Movimiento de empleos &#x2013; 4. La fuerza de trabajo &#x2013; II. El trabajo como movimiento &#x2013; 5. Los sindicatos como representantes y como instituciones &#x2013; 6. El trabajo como movimiento: antes de 1900 &#x2013; 7. El trabajo como movimiento: de 1900 en adelante &#x2013; 8. Funci&#xF3;n de la ley en las relaciones obrero-patronales &#x2013; 9. Funci&#xF3;n de la ley en las relaciones entre el sindicato y los afiliados &#x2013; 10. El gobierno de los sindicatos &#x2013; 11. Negociaci&#xF3;n colectiva &#x2013; I. el procedimiento y el convenio &#x2013; 12. Negociaci&#xF3;n colectiva &#x2013; II. El poder de negociaci&#xF3;n y la tramitaci&#xF3;n de reclamaciones &#x2013; 13. Teor&#xED;as del movimiento obrero &#x2013; III. El trabajo como factor de producci&#xF3;n &#x2013; 14. Los &#xED;ndices salariales y los sueldos a los costos laborales &#x2013; 15. Direcci&#xF3;n de las relaciones de personal &#x2013; 16. Influjo del sindicato sobre las funciones de la direcci&#xF3;n empresarial &#x2013; IV. El trabajo como mercado &#x2013; 17. Oferta y demanda del factor laboral &#x2013; 18. Determinaci&#xF3;n de los salarios &#x2013; 19. Colocaci&#xF3;n de los trabajadores y distribuci&#xF3;n del ingreso -- Vol. 2: V. El movimiento obrero como grupo de presi&#xF3;n - 20. Acci&#xF3;n pol&#xED;tica del movimiento obrero - VI. La clase obrera como objeto de la protecci&#xF3;n social - 21. Legislaci&#xF3;n sobre salario m&#xED;nimo y jornada m&#xE1;xima - 22. Accidentes y enfermedades - 23. Desocupaci&#xF3;n - 24. Ancianidad y jubilaci&#xF3;n - VII. La clase obrera en relaci&#xF3;n con el funcionamiento de la econom&#xED;a - 25. Las huelgas y el p&#xFA;blico - 26. Poderes monopolistas de los sindicatos - 27. Ocupaci&#xF3;n plena e inflaci&#xF3;n - 28. La competencia internacional y el movimiento obrero - VIII. El movimiento obrero en los pr&#xF3;ximos a&#xF1;os - 29. Una ojeada al futuro</subfield>
  </datafield>
  <datafield tag="041" ind1=" " ind2=" ">
    <subfield code="a">spa</subfield>
  </datafield>
  <datafield tag="942" ind1=" " ind2=" ">
    <subfield code="c">BK</subfield>
  </datafield>
  <datafield tag="590" ind1=" " ind2=" ">
    <subfield code="a">niveau_biblio:m niveau_hierar:0</subfield>
  </datafield>
  <datafield tag="100" ind1="1" ind2=" ">
    <subfield code="a">Chamberlain, Neil W.</subfield>
  </datafield>
  <datafield tag="999" ind1=" " ind2=" ">
    <subfield code="c">5117</subfield>
    <subfield code="d">5117</subfield>
  </datafield>
  <datafield tag="952" ind1=" " ind2=" ">
    <subfield code="0">0</subfield>
    <subfield code="1">0</subfield>
    <subfield code="4">0</subfield>
    <subfield code="7">0</subfield>
    <subfield code="a">BCEJYS</subfield>
    <subfield code="b">BCEJYS</subfield>
    <subfield code="c">16</subfield>
    <subfield code="d">2026-04-07</subfield>
    <subfield code="l">0</subfield>
    <subfield code="o">331.5 C442 v.1</subfield>
    <subfield code="p">L23805</subfield>
    <subfield code="r">2026-04-07 15:58:05</subfield>
    <subfield code="w">2026-04-07</subfield>
    <subfield code="y">L</subfield>
  </datafield>
  <datafield tag="952" ind1=" " ind2=" ">
    <subfield code="0">0</subfield>
    <subfield code="1">0</subfield>
    <subfield code="4">0</subfield>
    <subfield code="7">0</subfield>
    <subfield code="a">BCEJYS</subfield>
    <subfield code="b">BCEJYS</subfield>
    <subfield code="c">16</subfield>
    <subfield code="d">2026-04-07</subfield>
    <subfield code="l">0</subfield>
    <subfield code="o">331.5 C442 v.1</subfield>
    <subfield code="p">L24217</subfield>
    <subfield code="r">2026-04-07 15:58:05</subfield>
    <subfield code="w">2026-04-07</subfield>
    <subfield code="y">L</subfield>
  </datafield>
  <datafield tag="952" ind1=" " ind2=" ">
    <subfield code="0">0</subfield>
    <subfield code="1">0</subfield>
    <subfield code="4">0</subfield>
    <subfield code="7">0</subfield>
    <subfield code="a">BCEJYS</subfield>
    <subfield code="b">BCEJYS</subfield>
    <subfield code="c">16</subfield>
    <subfield code="d">2026-04-07</subfield>
    <subfield code="l">0</subfield>
    <subfield code="o">331.5 C442 v.2</subfield>
    <subfield code="p">L24218</subfield>
    <subfield code="r">2026-04-07 15:58:05</subfield>
    <subfield code="w">2026-04-07</subfield>
    <subfield code="y">L</subfield>
  </datafield>
  <datafield tag="952" ind1=" " ind2=" ">
    <subfield code="0">0</subfield>
    <subfield code="1">0</subfield>
    <subfield code="4">0</subfield>
    <subfield code="7">0</subfield>
    <subfield code="a">BCEJYS</subfield>
    <subfield code="b">BCEJYS</subfield>
    <subfield code="c">16</subfield>
    <subfield code="d">2026-04-07</subfield>
    <subfield code="l">0</subfield>
    <subfield code="o">331.5 C442 v.2</subfield>
    <subfield code="p">L23806</subfield>
    <subfield code="r">2026-04-07 15:58:05</subfield>
    <subfield code="w">2026-04-07</subfield>
    <subfield code="y">L</subfield>
  </datafield>
</record>
